Apuntes sobre la política de salarios y empleo en la administración Monge. /
Sparad:
| Huvudupphovsman: | |
|---|---|
| Materialtyp: | Text |
| Ämnen: | |
| Taggar: |
Lägg till en tagg
Inga taggar, Lägg till första taggen!
|
MARC
| LEADER | 00000 a a2200000 04500 | ||
|---|---|---|---|
| 001 | 5296 | ||
| 003 | |||
| 040 | |||
| 100 | |a Conejo Fernández, Carlos | ||
| 245 | |a Apuntes sobre la política de salarios y empleo en la administración Monge. / |c Carlos Conejo Fernández | ||
| 650 | |a SALARIOS | ||
| 773 | |g número 8; páginas 51-74 | ||
| 999 | |c 30526 |d 30526 | ||
